| 000 | 00704nam a2200241 a 4500 | ||
|---|---|---|---|
| 005 | 20210219153307.0 | ||
| 008 | 991125n 000 0 u | ||
| 035 | _aUPN01000089099 | ||
| 100 | _aStephens, Charles W. | ||
| 222 | _aJOURNAL OF SCHOOL PSYCHOLOGY | ||
| 245 | _aNeuropsychological performance of emotionally disturbed students on the LNNB and LNNB-C | ||
| 300 | _a301-308 | ||
| 362 | _a28, No. 4, 1990 | ||
| 505 | _aJulio 1991 | ||
| 653 | 0 | _aEDUCACION ESPECIAL | |
| 653 | 0 | _aIMPEDIMENTOS NEUROLOGICOS | |
| 653 | 0 | _aNEUROPSICOLOGIA | |
| 653 | 0 | _aTRASTORNOS EMOCIONALES | |
| 700 | _aClark, Robert D. | ||
| 700 | _aKaplan, Ronald D. | ||
| 904 |
_aAC _b026910 |
||
| 905 | _aArticulo | ||
| 999 |
_c73290 _d73290 |
||